<?xml version="1.0" encoding="UTF-8"?><?xml-stylesheet type="text/xsl" href="static/style.xsl"?><OAI-PMH xmlns="http://www.openarchives.org/OAI/2.0/" xmlns:xsi="http://www.w3.org/2001/XMLSchema-instance" xsi:schemaLocation="http://www.openarchives.org/OAI/2.0/ http://www.openarchives.org/OAI/2.0/OAI-PMH.xsd"><responseDate>2026-04-17T06:12:56Z</responseDate><request verb="GetRecord" identifier="oai:www.recercat.cat:2445/219561" metadataPrefix="marc">https://recercat.cat/oai/request</request><GetRecord><record><header><identifier>oai:recercat.cat:2445/219561</identifier><datestamp>2025-11-19T21:34:21Z</datestamp><setSpec>com_2072_1057</setSpec><setSpec>col_2072_478917</setSpec><setSpec>col_2072_478931</setSpec></header><metadata><record xmlns="http://www.loc.gov/MARC21/slim" xmlns:dcterms="http://purl.org/dc/terms/" xmlns:xsi="http://www.w3.org/2001/XMLSchema-instance" xmlns:doc="http://www.lyncode.com/xoai" xsi:schemaLocation="http://www.loc.gov/MARC21/slim http://www.loc.gov/standards/marcxml/schema/MARC21slim.xsd">
   <leader>00925njm 22002777a 4500</leader>
   <datafield ind2=" " ind1=" " tag="042">
      <subfield code="a">dc</subfield>
   </datafield>
   <datafield ind2=" " ind1=" " tag="720">
      <subfield code="a">Méndez López, Claudia</subfield>
      <subfield code="e">author</subfield>
   </datafield>
   <datafield ind2=" " ind1=" " tag="720">
      <subfield code="a">Pereda Beltran, Noemí</subfield>
      <subfield code="e">author</subfield>
   </datafield>
   <datafield ind2=" " ind1=" " tag="260">
      <subfield code="c">2025-03-07T17:58:27Z</subfield>
   </datafield>
   <datafield ind2=" " ind1=" " tag="260">
      <subfield code="c">2025-03-07T17:58:27Z</subfield>
   </datafield>
   <datafield ind2=" " ind1=" " tag="260">
      <subfield code="c">2019-10</subfield>
   </datafield>
   <datafield ind2=" " ind1=" " tag="260">
      <subfield code="c">2025-03-07T17:58:28Z</subfield>
   </datafield>
   <datafield ind2=" " ind1=" " tag="520">
      <subfield code="a">Background: In Mexico, there is a little information about child and youth poly-victimization. Objective: The present study aimed to analyze the prevalence of victimization and poly-victimization in a community sample of Mexican adolescents aged 12–17 years. Participants and settings: The Mexican version of the Juvenile Victimization Questionnaire was applied to 1068 adolescents (504 females and 564 males) at six public schools. Methods: Descriptive analyses were conducted to establish the prevalence of six types of victimizations and poly-victimization. Odds ratios were used to estimate differences between the genders and age groups. Results: Nearly 80% of the adolescents reported at least one experience of victimization during the past year, while 85.5% reported at least one experience of victimization in their lifetime. Conventional crimes (65.6%) and indirect victimization (61%) were the most frequent types of victimization reported. Of the sample, 35.9% were classified as poly-victims in the past year. Girls experienced a broader spectrum of victimization than boys. Specifically, girls experience more caregiver victimization (OR = 1.56, 95% CI=1.21-2.02), sexual victimization (OR = 2.46, 95% CI=1.73-3.50), and electronic victimization (OR = 1.81, 95% CI=1.33-2.47), in their lifetime. Older adolescents experienced more witnessing victimization (OR = 1.48, 95% CI=1.16-1.88) and caregiver victimization (OR = 1.52, 95% CI=1.15-2.00) during the past year. Conclusions: This study is the first to be carried out in Mexico with an instrument that enables cross-cultural comparisons. Our findings highlight the necessity to increase research in this field to improve both intervention programs and public policies to prevent child victimization.</subfield>
   </datafield>
   <datafield tag="653" ind2=" " ind1=" ">
      <subfield code="a">Adolescència</subfield>
   </datafield>
   <datafield tag="653" ind2=" " ind1=" ">
      <subfield code="a">Víctimes</subfield>
   </datafield>
   <datafield tag="653" ind2=" " ind1=" ">
      <subfield code="a">Infància</subfield>
   </datafield>
   <datafield tag="653" ind2=" " ind1=" ">
      <subfield code="a">Mèxic</subfield>
   </datafield>
   <datafield tag="653" ind2=" " ind1=" ">
      <subfield code="a">Prevenció del delicte</subfield>
   </datafield>
   <datafield tag="653" ind2=" " ind1=" ">
      <subfield code="a">Adolescence</subfield>
   </datafield>
   <datafield tag="653" ind2=" " ind1=" ">
      <subfield code="a">Victims</subfield>
   </datafield>
   <datafield tag="653" ind2=" " ind1=" ">
      <subfield code="a">Childhood</subfield>
   </datafield>
   <datafield tag="653" ind2=" " ind1=" ">
      <subfield code="a">Mexico</subfield>
   </datafield>
   <datafield tag="653" ind2=" " ind1=" ">
      <subfield code="a">Crime prevention</subfield>
   </datafield>
   <datafield ind2="0" ind1="0" tag="245">
      <subfield code="a">Victimization and poly-victimization in a community sample of Mexican adolescents</subfield>
   </datafield>
</record></metadata></record></GetRecord></OAI-PMH>